Normal view
MARC view
- الحفيظ ، عماد محمد ذياب
Entry Personal Name
001 - CONTROL NUMBER
- control field: 38030
003 - CONTROL NUMBER IDENTIFIER
- control field: JO-AjAnu
005 - DATE AND TIME OF LATEST TRANSACTION
- control field: 20230606080333.0
008 - FIXED-LENGTH DATA ELEMENTS
- fixed length control field: 230606|| aca||aabn | a|a d
040 ## - CATALOGING SOURCE
- Original cataloging agency: JO-AjAnu
- Transcribing agency: JO-AjAnu
100 ## - HEADING--PERSONAL NAME
- Personal name: الحفيظ ، عماد محمد ذياب
670 ## - SOURCE DATA FOUND
- Source citation: Work cat.: (JO-AjAnu)19512: الحفيظ ، عماد محمد ذياب, author, اساسيات الكيمياء الحيوية